[Event "Madrid-ch 2020-2021 - Semifinal"]
[Site "Madrid ESP"]
[Date "2021.05.07"]
[Round "3.10"]
[White "Centeno Mendoza, Julio Stefano"]
[Black "Neagu, Roberto Florin"]
[Result "1-0"]
[WhiteElo "2012"]
[BlackElo "1881"]
[PlyCount "95"]
[EventDate "2021.05.05"]
[EventType "swiss"]
[EventRounds "9"]
[EventCountry "ESP"]
[SourceTitle "Ajedrez en Madrid"]
[Source "lmi"]
[SourceDate "2021.05.06"]
[SourceVersion "1"]
[SourceVersionDate "2021.05.15"]
[SourceQuality "1"]

1. e4 c5 2. d4 cxd4 3. c3 dxc3 4. Nxc3 a6 5. Bc4 e6 6. Nf3 Nc6 7. O-O b5 8. Bb3
Na5 9. Bc2 Bb7 10. Qe2 Bc5 11. Rd1 Ne7 12. a3 Bb6 13. b4 Nac6 14. Be3 Bc7 15.
Bc5 d6 16. Be3 Ng6 17. Nd4 Nxd4 18. Rxd4 Bb6 19. Rd2 Bxe3 20. Qxe3 O-O 21. Rad1
Qc7 22. Bb3 Rfd8 23. Ne2 Ne5 24. Rc2 Nc4 25. Qf4 Rac8 26. Bxc4 bxc4 27. Qe3 d5
28. e5 Bc6 29. Rc3 a5 30. Nd4 axb4 31. axb4 Rb8 32. Rb1 Be8 33. Rc2 Rb7 34. f4
Rdb8 35. Qc3 Rb6 36. Rcb2 f6 37. exf6 gxf6 38. Re1 Qe7 39. Rbe2 Bd7 40. b5 Re8
41. Re3 Bxb5 42. Nf5 Qf8 43. Nh4 Kf7 44. Qd4 Rc6 45. f5 Rd6 46. fxe6+ Rexe6 47.
Nf5 Rxe3 48. Rxe3 1-0

[Event "Madrid-ch 2020-2021 - Semifinal"]
[Site "Madrid ESP"]
[Date "2021.05.07"]
[Round "3.11"]
[White "Rojas Pozo, Jose Luis"]
[Black "Tapia Sanchez, Jose Manuel"]
[Result "1-0"]
[WhiteElo "1875"]
[BlackElo "1750"]
[PlyCount "57"]
[EventDate "2021.05.05"]
[EventType "swiss"]
[EventRounds "9"]
[EventCountry "ESP"]
[SourceTitle "Ajedrez en Madrid"]
[Source "lmi"]
[SourceDate "2021.05.06"]
[SourceVersion "1"]
[SourceVersionDate "2021.05.15"]
[SourceQuality "1"]

1. d4 d5 2. Nf3 Nc6 3. Bf4 e6 4. e3 Bd6 5. Bg3 a6 6. c4 Nh6 7. Nc3 Nf5 8. Bd3
dxc4 9. Bxc4 h5 10. e4 Bxg3 11. exf5 Bd6 12. fxe6 fxe6 13. Qd3 Rh6 14. O-O-O
Na5 15. Rhe1 Nxc4 16. Qxc4 Kf8 17. Kb1 Rb8 18. Ne5 Bd7 19. g3 b5 20. Qe2 Kg8
21. Ne4 Bb4 22. Rg1 Be8 23. g4 Qh4 24. g5 Rh7 25. Qf3 Be7 26. Rg3 g6 27. Rh3
Rf7 28. Nxf7 Qxh3 29. Nh6+ 1-0

[Event "Madrid-ch 2020-2021 - Semifinal"]
[Site "Madrid ESP"]
[Date "2021.05.07"]
[Round "3.12"]
[White "Huerto Moreno, Jorge"]
[Black "Rodriguez Melendez, Juan Humbert"]
[Result "1-0"]
[WhiteElo "1837"]
[BlackElo "2174"]
[PlyCount "85"]
[EventDate "2021.05.05"]
[EventType "swiss"]
[EventRounds "9"]
[EventCountry "ESP"]
[SourceTitle "Ajedrez en Madrid"]
[Source "lmi"]
[SourceDate "2021.05.06"]
[SourceVersion "1"]
[SourceVersionDate "2021.05.15"]
[SourceQuality "1"]

1. e4 c5 2. f4 d5 3. e5 Nc6 4. Bb5 Nh6 5. Nf3 Nf5 6. Bxc6+ bxc6 7. d3 e6 8. Nc3
Be7 9. b3 O-O 10. Bb2 a5 11. Qd2 c4 12. dxc4 Bc5 13. g4 Ne3 14. Na4 Ba7 15. c5
Nxg4 16. O-O-O Nh6 17. Nd4 Ba6 18. Rdg1 Kh8 19. f5 exf5 20. Nxc6 Qh4 21. e6 f6
22. e7 Rfe8 23. Qxa5 Bb8 24. Nxb8 Qf4+ 25. Kb1 Bb7 26. Qb6 Raxb8 27. Qxf6 Qf1+
28. Rxf1 gxf6 29. Bxf6+ Kg8 30. Be5 Ra8 31. Nb6 Ra6 32. Rhg1+ Kf7 33. Rg7+ Ke6
34. Re1 Rxb6 35. cxb6 Ng4 36. Bd4+ Kd7 37. h3 Nh6 38. Rxh7 Ng8 39. a4 Bc8 40.
b4 f4 41. b5 Kd6 42. a5 Bd7 43. b7 1-0

[Event "Madrid-ch 2020-2021 - Semifinal"]
[Site "Madrid ESP"]
[Date "2021.05.07"]
[Round "3.13"]
[White "Diaz-Roncero Gonzalez, Daniel"]
[Black "Demerson Joly, Javier"]
[Result "0-1"]
[WhiteElo "1658"]
[BlackElo "1959"]
[PlyCount "76"]
[EventDate "2021.05.05"]
[EventType "swiss"]
[EventRounds "9"]
[EventCountry "ESP"]
[SourceTitle "Ajedrez en Madrid"]
[Source "lmi"]
[SourceDate "2021.05.06"]
[SourceVersion "1"]
[SourceVersionDate "2021.05.15"]
[SourceQuality "1"]

1. e4 e5 2. Nf3 Nf6 3. d4 Nxe4 4. Bd3 d5 5. Nxe5 Nd7 6. O-O Nxe5 7. dxe5 Nc5 8.
Be2 Ne6 9. Bf3 c6 10. c4 d4 11. g3 Qc7 12. Re1 Bd7 13. a3 c5 14. Nd2 Be7 15.
Rb1 a5 16. Qc2 Bc6 17. Bxc6+ Qxc6 18. a4 Rd8 19. Ne4 O-O 20. b3 f6 21. exf6
gxf6 22. Bh6 Rf7 23. Qe2 d3 24. Qg4+ Ng7 25. Nc3 f5 26. Qf4 Ne6 27. Qd2 Nd4 28.
Re3 Qxh6 29. Kg2 Qc6+ 30. Nd5 Rxd5 31. cxd5 Qxd5+ 32. f3 f4 33. Rxd3 fxg3 34.
Rf1 gxh2 35. Kh1 Rf5 36. Qf2 Rg5 37. Rc3 b6 38. Rd3 Qf7 0-1

[Event "Madrid-ch 2020-2021 - Semifinal"]
[Site "Madrid ESP"]
[Date "2021.05.08"]
[Round "4.1"]
[White "Rey Martinez, Jaime"]
[Black "Rottenwohrer Suarez, Juan"]
[Result "1-0"]
[WhiteElo "1992"]
[BlackElo "2196"]
[PlyCount "35"]
[EventDate "2021.05.05"]
[EventType "swiss"]
[EventRounds "9"]
[EventCountry "ESP"]
[SourceTitle "Ajedrez en Madrid"]
[Source "lmi"]
[SourceDate "2021.05.06"]
[SourceVersion "1"]
[SourceVersionDate "2021.05.15"]
[SourceQuality "1"]

1. e4 c5 2. Nf3 e6 3. b3 d5 4. exd5 exd5 5. Bb5+ Nc6 6. Qe2+ Be7 7. Ba3 Be6 8.
O-O Kf8 9. Nc3 Rc8 10. Rad1 Nd4 11. Nxd4 cxd4 12. Nb1 Rxc2 13. Rc1 Rxa2 14.
Bxe7+ Nxe7 15. f4 Bf5 16. Rfe1 Bxb1 17. Qxe7+ Qxe7 18. Rc8+ 1-0

[Event "Madrid-ch 2020-2021 - Semifinal"]
[Site "Madrid ESP"]
[Date "2021.05.08"]
[Round "4.2"]
[White "Mkrtchyan, Levon"]
[Black "Ortega Ruiz, Jose Miguel"]
[Result "1/2-1/2"]
[WhiteElo "2230"]
[BlackElo "2253"]
[PlyCount "38"]
[EventDate "2021.05.05"]
[EventType "swiss"]
[EventRounds "9"]
[EventCountry "ESP"]
[SourceTitle "Ajedrez en Madrid"]
[Source "lmi"]
[SourceDate "2021.05.06"]
[SourceVersion "1"]
[SourceVersionDate "2021.05.15"]
[SourceQuality "1"]

1. e4 e5 2. Nf3 Nc6 3. Bc4 Bc5 4. O-O Nf6 5. d3 d6 6. c3 a5 7. a4 h6 8. Be3 O-O
9. Nbd2 Bxe3 10. fxe3 d5 11. exd5 Nxd5 12. Qe2 Be6 13. Rae1 Qe7 14. Qf2 Nb6 15.
Bb5 Nd8 16. Nxe5 c6 17. e4 Qc7 18. Bc4 Nxa4 19. Ndf3 b5 1/2-1/2

[Event "Madrid-ch 2020-2021 - Semifinal"]
[Site "Madrid ESP"]
[Date "2021.05.08"]
[Round "4.3"]
[White "Martinez Fernandez, Raul"]
[Black "Elissalt Cardenas, Hector"]
[Result "0-1"]
[WhiteElo "2141"]
[BlackElo "2281"]
[PlyCount "78"]
[EventDate "2021.05.05"]
[EventType "swiss"]
[EventRounds "9"]
[EventCountry "ESP"]
[SourceTitle "Ajedrez en Madrid"]
[Source "lmi"]
[SourceDate "2021.05.06"]
[SourceVersion "1"]
[SourceVersionDate "2021.05.15"]
[SourceQuality "1"]

1. e4 d6 2. d4 Nf6 3. Nc3 e5 4. Nge2 Be7 5. f3 Nbd7 6. g4 h6 7. Ng3 Nb6 8. Be3
exd4 9. Qxd4 c5 10. Qd2 d5 11. exd5 Nfxd5 12. O-O-O Be6 13. Bb5+ Kf8 14. Qf2
Qc7 15. Nxd5 Nxd5 16. Rxd5 Bxd5 17. Nf5 Bf6 18. Rd1 Bxa2 19. Bxc5+ Kg8 20. Bd4
Qf4+ 21. Qd2 Qxd2+ 22. Kxd2 Rd8 23. Ke2 Bxd4 24. Rxd4 Rxd4 25. Nxd4 Be6 26. Bd3
g5 27. Be4 b6 28. b4 a5 29. bxa5 bxa5 30. Bc6 h5 31. h3 Bc4+ 32. Ke3 Kg7 33.
Nf5+ Kf6 34. Ng3 hxg4 35. hxg4 Ke5 36. Kd2 Bd5 37. Bxd5 Kxd5 38. Ne4 Rb8 39.
Kd3 Kc6 0-1

[Event "Madrid-ch 2020-2021 - Semifinal"]
[Site "Madrid ESP"]
[Date "2021.05.08"]
[Round "4.4"]
[White "De La Puerta Cresis, Javier"]
[Black "Hernandez Ramos, David"]
[Result "1/2-1/2"]
[WhiteElo "2169"]
[BlackElo "2101"]
[PlyCount "191"]
[EventDate "2021.05.05"]
[EventType "swiss"]
[EventRounds "9"]
[EventCountry "ESP"]
[SourceTitle "Ajedrez en Madrid"]
[Source "lmi"]
[SourceDate "2021.05.06"]
[SourceVersion "1"]
[SourceVersionDate "2021.05.15"]
[SourceQuality "1"]

1. e4 e6 2. d4 d5 3. Nd2 dxe4 4. Nxe4 Bd7 5. Nf3 Bc6 6. Bd3 Nd7 7. Qe2 Ngf6 8.
Neg5 Bd6 9. Ne5 O-O 10. O-O h6 11. Nxc6 bxc6 12. Ne4 c5 13. dxc5 Nxc5 14. Nxc5
Bxc5 15. Bd2 Qe7 16. Rfe1 Rfd8 17. Rad1 Rab8 18. b3 Rd7 19. a4 Rbd8 20. h3 Bb4
21. Qe3 Bxd2 22. Rxd2 Nd5 23. Qe4 Qg5 24. Rde2 Nf4 25. Re3 Nxd3 26. cxd3 Rd4
27. Qc6 Qd5 28. Qxc7 Qxb3 29. a5 R4d7 30. Qc5 Qd5 31. Rc1 Qb7 32. Qc6 Qxc6 33.
Rxc6 Rd6 34. Rc3 Rd5 35. Ra3 a6 36. Kf1 Rb8 37. Re4 Rbb5 38. Rea4 Re5 39. Ra1
g5 40. d4 Red5 41. R1a2 Kg7 42. Ke2 Kg6 43. Ke3 Rb3+ 44. Ke2 Rbb5 45. Ke3 h5
46. R2a3 Kf5 47. Kf3 g4+ 48. hxg4+ hxg4+ 49. Ke3 Rb2 50. Rc4 Rbb5 51. Rca4 Kg5
52. Ra2 Rf5 53. R4a3 Rbd5 54. f3 g3 55. Ra4 Rb5 56. R4a3 Kh5 57. Rc3 Kg5 58.
Rca3 Rfd5 59. Ra4 Rb3+ 60. Ke2 Kf4 61. Rc2 Rbb5 62. Rca2 Kf5 63. Ke3 Rb3+ 64.
Ke2 Rb1 65. Rc4 Rg1 66. Ke3 Re1+ 67. Kd2 Rf1 68. Ke3 e5 69. dxe5 Rxe5+ 70. Kd3
Rf2 71. Raa4 Rxg2 72. Rf4+ Ke6 73. Rg4 Rg1 74. Ra2 Rf5 75. f4 Rb1 76. Ke4 Rb4+
77. Kf3 Rb3+ 78. Kg2 Rbb5 79. Kxg3 Rxa5 80. Re2+ Kf6 81. Rb2 Rfb5 82. Rc2 Rb3+
83. Kg2 Rb6 84. Rh4 Rab5 85. Kg3 a5 86. Ra2 Rb3+ 87. Kg4 R6b5 88. Rh6+ Kg7 89.
Ra6 f5+ 90. Kh4 Rf3 91. Ra7+ Kf6 92. Ra6+ Kf7 93. Ra7+ Ke6 94. Ra6+ Ke7 95.
Ra7+ Ke6 96. Ra6+ 1/2-1/2

[Event "Madrid-ch 2020-2021 - Semifinal"]
[Site "Madrid ESP"]
[Date "2021.05.08"]
[Round "4.5"]
[White "Pindado Campos, Raul"]
[Black "Bravo De La Vega, Alvaro"]
[Result "1/2-1/2"]
[WhiteElo "2152"]
[BlackElo "1936"]
[PlyCount "60"]
[EventDate "2021.05.05"]
[EventType "swiss"]
[EventRounds "9"]
[EventCountry "ESP"]
[SourceTitle "Ajedrez en Madrid"]
[Source "lmi"]
[SourceDate "2021.05.06"]
[SourceVersion "1"]
[SourceVersionDate "2021.05.15"]
[SourceQuality "1"]

1. d4 Nf6 2. c4 e6 3. g3 d5 4. Bg2 Be7 5. Nf3 O-O 6. O-O dxc4 7. Ne5 c5 8. dxc5
Qc7 9. Nxc4 Qxc5 10. Nba3 Nc6 11. Be3 Qh5 12. f3 b6 13. Qa4 Bb7 14. Qb5 Nd5 15.
Bf2 Ncb4 16. Qa4 Bc6 17. Qb3 Na6 18. Rac1 Nc5 19. Qc2 Nb4 20. Qb1 Rac8 21. Nc2
Nxc2 22. Rxc2 Bb5 23. b3 Qg6 24. Rd2 Qh5 25. Rfd1 Na4 26. Rc2 Bxc4 27. bxc4 Qa5
28. Be1 Qc5+ 29. Bf2 Qa5 30. Be1 Qc5+ 1/2-1/2

[Event "Madrid-ch 2020-2021 - Semifinal"]
[Site "Madrid ESP"]
[Date "2021.05.08"]
[Round "4.6"]
[White "Perez Gonzalez, Daniel"]
[Black "Martinez-Conde Hernandez, Carlos"]
[Result "0-1"]
[WhiteElo "2056"]
[BlackElo "2104"]
[PlyCount "128"]
[EventDate "2021.05.05"]
[EventType "swiss"]
[EventRounds "9"]
[EventCountry "ESP"]
[SourceTitle "Ajedrez en Madrid"]
[Source "lmi"]
[SourceDate "2021.05.06"]
[SourceVersion "1"]
[SourceVersionDate "2021.05.15"]
[SourceQuality "1"]

1. e4 c5 2. Nf3 e6 3. d4 cxd4 4. Nxd4 Nc6 5. Nc3 Qc7 6. Be3 a6 7. Qf3 Nf6 8.
O-O-O Ne5 9. Qg3 b5 10. a3 Bb7 11. Bxb5 Rc8 12. Ba4 Nxe4 13. Nxe4 Bxe4 14. Bf4
Qa5 15. Bxe5 Qxa4 16. Rd2 f6 17. Bd6 Kf7 18. Re1 Bg6 19. Ree2 Qc4 20. b3 Qc3
21. Qxc3 Rxc3 22. Kb2 Bxd6 23. Kxc3 Bxa3 24. Rd1 Rc8+ 25. Kd2 e5 26. Nf3 Bxc2
27. Ra1 Bb4+ 28. Ke3 Bc5+ 29. Kd2 Bb4+ 30. Ke3 Rc3+ 31. Kd2 Bxb3 32. Ne1 Bc4
33. Ra4 Ra3+ 34. Rxb4 Ra2+ 35. Nc2 Bxe2 36. Kc3 Ra5 37. Rb7 Rc5+ 38. Kd2 Bb5
39. Ne3 Bc6 40. Ra7 Ra5 41. g3 Ra2+ 42. Ke1 Ke6 43. h4 Bb5 44. Nd1 h5 45. Nc3
Ra1+ 46. Kd2 Bc6 47. Ne2 Ra2+ 48. Ke1 Bf3 49. Nc3 Ra1+ 50. Kd2 Bc6 51. Ne2 Kf5
52. f4 Kg4 53. fxe5 fxe5 54. Rc7 Kf3 55. Nc1 Kxg3 56. Nd3 e4 57. Ne5 Kf2 58.
Nxc6 e3+ 59. Kd3 e2 60. Rxd7 e1=Q 61. Rf7+ Kg2 62. Rxg7+ Kh2 63. Nd4 Rd1+ 64.
Kc4 Rxd4+ 0-1

[Event "Madrid-ch 2020-2021 - Semifinal"]
[Site "Madrid ESP"]
[Date "2021.05.08"]
[Round "4.7"]
[White "Garcia Fernandez, Jesus"]
[Black "Centeno Mendoza, Julio Stefano"]
[Result "0-1"]
[WhiteElo "1803"]
[BlackElo "2012"]
[PlyCount "100"]
[EventDate "2021.05.05"]
[EventType "swiss"]
[EventRounds "9"]
[EventCountry "ESP"]
[SourceTitle "Ajedrez en Madrid"]
[Source "lmi"]
[SourceDate "2021.05.06"]
[SourceVersion "1"]
[SourceVersionDate "2021.05.15"]
[SourceQuality "1"]

1. d4 d5 2. Bf4 Nf6 3. e3 c5 4. c3 Nc6 5. Nd2 Qb6 6. Qb3 c4 7. Qc2 g6 8. b3 Bf5
9. Qb2 Bg7 10. Ngf3 Ne4 11. Nxe4 Bxe4 12. Be2 O-O 13. O-O Rfe8 14. Rfd1 Rac8
15. Rd2 cxb3 16. axb3 h6 17. h3 a6 18. Bg3 g5 19. Qa3 Na7 20. c4 Nc6 21. c5 Qd8
22. b4 Qd7 23. Rb2 Bxf3 24. Bxf3 e5 25. Bg4 f5 26. Bh5 Re7 27. Rd1 exd4 28.
Rbd2 dxe3 29. Rxd5 Qe6 30. Rd6 Qc4 31. fxe3 Qxb4 32. Qa2+ Kh8 33. Bf2 Rf8 34.
Rd7 Qxc5 35. e4 Nd4 36. Rxe7 Qxe7 37. Bxd4 Bxd4+ 38. Rxd4 Qc5 39. Qd5 Qc1+ 40.
Kh2 Qf4+ 41. Kg1 g4 42. exf5 Qe3+ 43. Kf1 gxh3 44. gxh3 Qxh3+ 45. Ke1 Qxh5 46.
Qe5+ Kh7 47. Rd7+ Rf7 48. Rd8 Qh4+ 49. Ke2 Qxd8 50. f6 Qxf6 0-1

[Event "Madrid-ch 2020-2021 - Semifinal"]
[Site "Madrid ESP"]
[Date "2021.05.08"]
[Round "4.8"]
[White "Fernandez Rosado, Roberto"]
[Black "Rojas Pozo, Jose Luis"]
[Result "1/2-1/2"]
[WhiteElo "2029"]
[BlackElo "1875"]
[PlyCount "110"]
[EventDate "2021.05.05"]
[EventType "swiss"]
[EventRounds "9"]
[EventCountry "ESP"]
[SourceTitle "Ajedrez en Madrid"]
[Source "lmi"]
[SourceDate "2021.05.06"]
[SourceVersion "1"]
[SourceVersionDate "2021.05.15"]
[SourceQuality "1"]

1. e4 d5 2. exd5 Qxd5 3. Nc3 Qa5 4. Nf3 Nf6 5. d3 Bg4 6. Be2 Nbd7 7. h3 Bh5 8.
Bd2 c6 9. O-O e6 10. Ne4 Qc7 11. Nxf6+ gxf6 12. d4 Bd6 13. c4 O-O-O 14. Qa4 Kb8
15. c5 Bf4 16. Ba5 b6 17. cxb6 axb6 18. Bc3 Rhg8 19. Kh1 Rg7 20. Qd1 Rdg8 21.
Ne1 Bxe2 22. Qxe2 Qd6 23. Qf3 Bh6 24. b4 b5 25. a4 bxa4 26. Rxa4 Qd5 27. Qxd5
exd5 28. b5 Kb7 29. bxc6+ Kxc6 30. g3 Nb6 31. Ra7 Ra8 32. Rxa8 Nxa8 33. Nd3 Nb6
34. Bb4 Rg8 35. Be7 Bg7 36. Rc1+ Kd7 37. Bc5 Na4 38. Rb1 Nxc5 39. dxc5 Rc8 40.
Kg2 f5 41. Kf3 Bd4 42. Rb5 Ra8 43. Rb7+ Kc6 44. Rxf7 Ra3 45. Ke2 Ra2+ 46. Ke1
Ra1+ 47. Kd2 Ra2+ 48. Kc1 Ra1+ 49. Kc2 Ra2+ 50. Kb3 Rd2 51. Nf4 Bxc5 52. Rxf5
Rxf2 53. Rf6+ Bd6 54. Nxd5 Rxf6 55. Nxf6 Bxg3 1/2-1/2

[Event "Madrid-ch 2020-2021 - Semifinal"]
[Site "Madrid ESP"]
[Date "2021.05.08"]
[Round "4.9"]
[White "Vukotic Jovsic, Dragan"]
[Black "Rodriguez Avila, Alvaro"]
[Result "1-0"]
[WhiteElo "1859"]
[BlackElo "1966"]
[PlyCount "53"]
[EventDate "2021.05.05"]
[EventType "swiss"]
[EventRounds "9"]
[EventCountry "ESP"]
[SourceTitle "Ajedrez en Madrid"]
[Source "lmi"]
[SourceDate "2021.05.06"]
[SourceVersion "1"]
[SourceVersionDate "2021.05.15"]
[SourceQuality "1"]

1. d4 Nf6 2. Nf3 g6 3. Bf4 Bg7 4. e3 O-O 5. h3 d6 6. Be2 Nfd7 7. O-O e5 8. Bh2
Nc6 9. c3 Kh8 10. d5 Ne7 11. c4 f5 12. Nc3 f4 13. exf4 exf4 14. Ng5 Ne5 15. Qd2
Nxd5 16. Nxd5 Qxg5 17. Bxf4 Qf5 18. Bh6 Qf7 19. Bxg7+ Kxg7 20. f4 Nc6 21. Qc3+
Kg8 22. Rae1 Be6 23. Bg4 Nd8 24. Bxe6 Nxe6 25. f5 gxf5 26. Rxf5 Qg6 27. Ne7#
1-0

[Event "Madrid-ch 2020-2021 - Semifinal"]
[Site "Madrid ESP"]
[Date "2021.05.08"]
[Round "4.10"]
[White "Demerson Joly, Javier"]
[Black "Huerto Moreno, Jorge"]
[Result "1-0"]
[WhiteElo "1959"]
[BlackElo "1837"]
[PlyCount "57"]
[EventDate "2021.05.05"]
[EventType "swiss"]
[EventRounds "9"]
[EventCountry "ESP"]
[SourceTitle "Ajedrez en Madrid"]
[Source "lmi"]
[SourceDate "2021.05.06"]
[SourceVersion "1"]
[SourceVersionDate "2021.05.15"]
[SourceQuality "1"]

1. c4 c6 2. e4 d5 3. exd5 cxd5 4. cxd5 Nf6 5. Nc3 Nxd5 6. d4 Nc6 7. Nf3 Bg4 8.
Be2 g6 9. h3 Bf5 10. O-O Bg7 11. Qb3 Nb6 12. d5 Nb8 13. Be3 O-O 14. Bd4 e6 15.
Bxg7 Kxg7 16. g4 exd5 17. gxf5 Nc6 18. Rfd1 Ne7 19. fxg6 fxg6 20. Nd4 Qd6 21.
Rd3 Nc6 22. Nxc6 bxc6 23. Rad1 Rxf2 24. Kxf2 Qh2+ 25. Ke1 Nc4 26. Qb7+ Kh6 27.
Qxa8 Qg1+ 28. Bf1 Ne3 29. Qf8+ 1-0

[Event "Madrid-ch 2020-2021 - Semifinal"]
[Site "Madrid ESP"]
[Date "2021.05.08"]
[Round "4.11"]
[White "Del Castillo Izquierdo, Jose"]
[Black "Cabañas Bravo, Juan Andres"]
[Result "0-1"]
[WhiteElo "1728"]
[BlackElo "1948"]
[PlyCount "54"]
[EventDate "2021.05.05"]
[EventType "swiss"]
[EventRounds "9"]
[EventCountry "ESP"]
[SourceTitle "Ajedrez en Madrid"]
[Source "lmi"]
[SourceDate "2021.05.06"]
[SourceVersion "1"]
[SourceVersionDate "2021.05.15"]
[SourceQuality "1"]

1. d4 Nf6 2. Nf3 c5 3. d5 b5 4. c4 bxc4 5. Nc3 d6 6. e4 g6 7. Bxc4 Bg7 8. e5
dxe5 9. Nxe5 O-O 10. Qb3 Qc7 11. Bf4 Nh5 12. Nb5 Qb6 13. Bg5 Bxe5 14. Bxe7 a6
15. d6 axb5 16. Bxf8 Qa5+ 17. Kf1 bxc4 18. Qe3 f6 19. Bh6 c3 20. Re1 Ng7 21. b3
Nc6 22. Qf3 Qa6+ 23. Kg1 Be6 24. h4 Nd4 25. Qe4 Qc6 26. Qd3 Rxa2 27. h5 Qa6 0-1

[Event "Madrid-ch 2020-2021 - Semifinal"]
[Site "Madrid ESP"]
[Date "2021.05.08"]
[Round "4.12"]
[White "Neagu, Roberto Florin"]
[Black "Tapia Sanchez, Jose Manuel"]
[Result "1-0"]
[WhiteElo "1881"]
[BlackElo "1750"]
[PlyCount "49"]
[EventDate "2021.05.05"]
[EventType "swiss"]
[EventRounds "9"]
[EventCountry "ESP"]
[SourceTitle "Ajedrez en Madrid"]
[Source "lmi"]
[SourceDate "2021.05.06"]
[SourceVersion "1"]
[SourceVersionDate "2021.05.15"]
[SourceQuality "1"]

1. Nf3 b6 2. g3 Bb7 3. Bg2 Nf6 4. d3 d6 5. O-O e6 6. c4 Be7 7. Nc3 O-O 8. Re1
Nbd7 9. Rb1 Rb8 10. a3 Ng4 11. e4 f5 12. h3 Nge5 13. Nxe5 dxe5 14. exf5 Bxg2
15. Kxg2 Nc5 16. Rxe5 Nxd3 17. Rxe6 Rxf5 18. Be3 Qd7 19. Rxe7 Ne1+ 20. Qxe1
Qxe7 21. Bf4 Qc5 22. Nd5 Kf8 23. b4 Qc6 24. Qe7+ Kg8 25. Qe4 1-0

[Event "Madrid-ch 2020-2021 - Semifinal"]
[Site "Madrid ESP"]
[Date "2021.05.09"]
[Round "5.2"]
[White "Ortega Ruiz, Jose Miguel"]
[Black "Rottenwohrer Suarez, Juan"]
[Result "1/2-1/2"]
[WhiteElo "2253"]
[BlackElo "2196"]
[PlyCount "34"]
[EventDate "2021.05.05"]
[EventType "swiss"]
[EventRounds "9"]
[EventCountry "ESP"]
[SourceTitle "Ajedrez en Madrid"]
[Source "lmi"]
[SourceDate "2021.05.06"]
[SourceVersion "1"]
[SourceVersionDate "2021.05.15"]
[SourceQuality "1"]

1. e4 c5 2. Nf3 g6 3. c4 Nc6 4. d4 cxd4 5. Nxd4 Nf6 6. Nc3 d6 7. Be2 Bg7 8. Be3
O-O 9. O-O Bd7 10. Qd2 Nxd4 11. Bxd4 Bc6 12. f3 a5 13. b3 Nd7 14. Be3 Nc5 15.
Rab1 e6 16. Rfc1 Be5 17. Bg5 Qb6 1/2-1/2

[Event "Madrid-ch 2020-2021 - Semifinal"]
[Site "Madrid ESP"]
[Date "2021.05.09"]
[Round "5.3"]
[White "Hernandez Ramos, David"]
[Black "Pindado Campos, Raul"]
[Result "1/2-1/2"]
[WhiteElo "2101"]
[BlackElo "2152"]
[PlyCount "55"]
[EventDate "2021.05.05"]
[EventType "swiss"]
[EventRounds "9"]
[EventCountry "ESP"]
[SourceTitle "Ajedrez en Madrid"]
[Source "lmi"]
[SourceDate "2021.05.06"]
[SourceVersion "1"]
[SourceVersionDate "2021.05.15"]
[SourceQuality "1"]

1. d4 d5 2. c4 e6 3. Nc3 Nf6 4. Bg5 Be7 5. e3 c6 6. Nf3 Nbd7 7. cxd5 exd5 8.
Bd3 O-O 9. O-O Re8 10. Rb1 h6 11. Bh4 Ne4 12. Bxe7 Qxe7 13. Qc2 Ndf6 14. Ne5
Ng4 15. Nxg4 Bxg4 16. Rfe1 Bf5 17. f3 Nxc3 18. bxc3 Bxd3 19. Qxd3 b5 20. e4
dxe4 21. fxe4 a6 22. Re3 Qe6 23. Qd2 Ra7 24. Rbe1 Rae7 25. h3 a5 26. Kh1 a4 27.
Qb2 Qc4 28. Qe2 1/2-1/2

[Event "Madrid-ch 2020-2021 - Semifinal"]
[Site "Madrid ESP"]
[Date "2021.05.09"]
[Round "5.4"]
[White "Martinez-Conde Hernandez, Carlos"]
[Black "Bravo De La Vega, Alvaro"]
[Result "1/2-1/2"]
[WhiteElo "2104"]
[BlackElo "1936"]
[PlyCount "103"]
[EventDate "2021.05.05"]
[EventType "swiss"]
[EventRounds "9"]
[EventCountry "ESP"]
[SourceTitle "Ajedrez en Madrid"]
[Source "lmi"]
[SourceDate "2021.05.06"]
[SourceVersion "1"]
[SourceVersionDate "2021.05.15"]
[SourceQuality "1"]

1. e4 e5 2. Nf3 Nf6 3. Nxe5 d6 4. Nf3 Nxe4 5. d4 d5 6. Bd3 Bd6 7. O-O O-O 8. c4
c6 9. Qc2 Nf6 10. c5 Bc7 11. Bg5 h6 12. Bh4 Re8 13. Bg3 Bxg3 14. hxg3 Nbd7 15.
Nc3 Nf8 16. Rae1 Ne6 17. Qd2 Qc7 18. Bb1 b6 19. cxb6 axb6 20. Rc1 Qd6 21. Rfe1
Bb7 22. b3 Rac8 23. Bf5 Rc7 24. Re3 Rce7 25. Rce1 Ba6 26. Rd1 Bb7 27. Na4 c5
28. Nc3 Nc7 29. Rde1 g6 30. Bd3 Kg7 31. Nb5 Nxb5 32. Bxb5 Rxe3 33. Rxe3 Rxe3
34. Qxe3 Bc6 35. Bd3 Ne4 36. Qf4 Qxf4 37. gxf4 Kf8 38. Kf1 Ke7 39. Ke2 Ke6 40.
Ne1 Nf6 41. f3 Nh5 42. Ke3 cxd4+ 43. Kxd4 Nxf4 44. Bf1 Kd6 45. Ke3 Ne6 46. Nc2
Ke5 47. g3 g5 48. Nb4 Bb7 49. Nd3+ Kd6 50. Nb4 h5 51. Nc2 f5 52. f4 1/2-1/2

[Event "Madrid-ch 2020-2021 - Semifinal"]
[Site "Madrid ESP"]
[Date "2021.05.09"]
[Round "5.5"]
[White "Centeno Mendoza, Julio Stefano"]
[Black "Martinez Fernandez, Raul"]
[Result "0-1"]
[WhiteElo "2012"]
[BlackElo "2141"]
[PlyCount "56"]
[EventDate "2021.05.05"]
[EventType "swiss"]
[EventRounds "9"]
[EventCountry "ESP"]
[SourceTitle "Ajedrez en Madrid"]
[Source "lmi"]
[SourceDate "2021.05.06"]
[SourceVersion "1"]
[SourceVersionDate "2021.05.15"]
[SourceQuality "1"]

1. e4 e5 2. Nf3 Nc6 3. Bc4 Nf6 4. Ng5 d5 5. exd5 Na5 6. Bb5+ c6 7. dxc6 bxc6 8.
Be2 h6 9. Nh3 Bd6 10. O-O Ne4 11. d3 Ng5 12. Nxg5 hxg5 13. g3 Qd7 14. Nd2 Qh3
15. Nf3 g4 16. Nh4 Rxh4 17. gxh4 e4 18. f4 exf3 19. Rf2 g3 20. hxg3 Qxg3+ 21.
Kf1 Bh3+ 22. Ke1 Qg1+ 23. Bf1 Bg3 24. Be3 Bxf2+ 25. Bxf2 Qxf1+ 26. Kd2 Qxf2+
27. Kc3 Qc5+ 28. Kd2 Nc4+ 0-1

[Event "Madrid-ch 2020-2021 - Semifinal"]
[Site "Madrid ESP"]
[Date "2021.05.09"]
[Round "5.6"]
[White "Rojas Pozo, Jose Luis"]
[Black "Vukotic Jovsic, Dragan"]
[Result "1-0"]
[WhiteElo "1875"]
[BlackElo "1859"]
[PlyCount "61"]
[EventDate "2021.05.05"]
[EventType "swiss"]
[EventRounds "9"]
[EventCountry "ESP"]
[SourceTitle "Ajedrez en Madrid"]
[Source "lmi"]
[SourceDate "2021.05.06"]
[SourceVersion "1"]
[SourceVersionDate "2021.05.15"]
[SourceQuality "1"]

1. d4 e6 2. c4 d5 3. Nc3 Be7 4. Nf3 Nf6 5. Bf4 O-O 6. e3 c5 7. dxc5 dxc4 8. Bd6
Na6 9. Bxe7 Qxe7 10. Qd6 Qxd6 11. cxd6 Nb4 12. O-O-O Nbd5 13. Bxc4 Rd8 14. Bxd5
exd5 15. Nxd5 Nxd5 16. Rxd5 Be6 17. Rd4 Bxa2 18. Kd2 Rac8 19. Rc1 Rxc1 20. Kxc1
Be6 21. e4 f6 22. h4 Kf7 23. Ne1 Bd7 24. Nd3 Rc8+ 25. Kd2 Rc6 26. f4 Rc8 27. e5
b6 28. g3 h5 29. Re4 Bf5 30. Re1 Rc5 31. Nxc5 1-0